[Event "Styrian op U08/12 28th"]
[Site "Mureck"]
[Date "2022.08.09"]
[Round "7"]
[White "Schnepf, Maximilian"]
[Black "Braun, Raban"]
[Result "0-1"]
[WhiteElo "1070"]
[BlackElo "800"]
[PlyCount "62"]
[EventDate "2022.08.03"]
[EventType "swiss"]
[EventRounds "9"]
[EventCountry "AUT"]
[SourceTitle "EXT 2023"]
[Source "ChessBase"]
[SourceDate "2022.10.05"]
[SourceVersion "1"]
[SourceVersionDate "2022.10.05"]
[SourceQuality "1"]

1. d4 e6 2. c4 d5 3. Nc3 c5 4. e3 Nc6 5. Bd3 cxd4 6. exd4 Nxd4 7. Bf4 Qb6 8. cxd5 exd5 9. Nxd5 Qa5+ 10. Nc3 Qb6 11. Nd5 Qa5+ 12. b4 Qa3 13. Nc7+ Kd8 14. Nxa8 Bxb4+ 15. Kf1 Bc3 16. Bc2 Bxa1 17. Qxa1 Qa6+ 18. Ke1 Nxc2+ 19. Kd2 Nxa1 20. Nf3 Qxa2+ 21. Ke3 Nc2+ 22. Ke4 f5+ 23. Kd3 Nb4+ 24. Kd4 Qd5+ 25. Ke3 Qe4+ 26. Kd2 Qxf4+ 27. Ke2 Qe4+ 28. Kd2 Qc2+ 29. Ke1 Nd3+ 30. Kf1 Qd1+ 31. Ne1 Qxe1# 0-1

[Event "EU Union-ch U10 18th"]
[Site "Mureck"]
[Date "2021.08.09"]
[Round "6"]
[White "Maklakova, Dafne"]
[Black "Schnepf, Maximilian"]
[Result "1-0"]
[WhiteElo "1111"]
[BlackElo "960"]
[PlyCount "45"]
[EventDate "2021.08.04"]
[EventType "swiss"]
[EventRounds "9"]
[EventCountry "AUT"]
[SourceTitle "EXT 2022"]
[Source "ChessBase"]
[SourceDate "2021.10.06"]
[SourceVersion "1"]
[SourceVersionDate "2021.10.06"]
[SourceQuality "1"]

1. e4 c5 2. Nc3 d6 3. Nf3 Nf6 4. Bc4 g6 5. 0-0 Bg7 6. d3 0-0 7. Be3 Nc6 8. Qd2 Re8 9. Bh6 Bh8 10. Nd5 Ng4 11. Bg5 Bxb2 12. Rab1 Bg7 13. Qf4 Rf8 14. h3 Nge5 15. Nxe5 Nxe5 16. Bxe7 Qe8 17. Bxd6 Qe6 18. Ne7+ Kh8 19. Bxe6 fxe6 20. Qh4 Rf3 21. Bxe5 Bxe5 22. gxf3 Bf6 23. Qxf6# 1-0

[Event "AUT-ch U10 Online Blitz"]
[Site "Playchess.com INT"]
[Date "2020.12.11"]
[Round "6"]
[White "Geworgyan, Derenick"]
[Black "Schnepf, Maximilian"]
[Result "1-0"]
[WhiteElo "1620"]
[BlackElo "1620"]
[PlyCount "27"]
[EventDate "2020.12.11"]
[EventType "swiss (blitz)"]
[EventRounds "7"]
[EventCountry "AUT"]
[SourceTitle "EXT 2022"]
[Source "ChessBase"]
[SourceDate "2021.10.06"]
[SourceVersion "1"]
[SourceVersionDate "2021.10.06"]
[SourceQuality "1"]

1. e4 c5 2. Nf3 d6 3. Bb5+ Nc6 4. Bxc6+ bxc6 5. 0-0 Ba6 6. d3 Nf6 7. Nc3 g6 8. Bg5 Bg7 9. Bxf6 Bxf6 10. Qd2 0-0 11. Qh6 Bg7 12. Qh4 Bf6 13. Ng5 Qb6 14. Qxh7# 1-0

[Event "AUT-ch U10 Online Blitz"]
[Site "Playchess.com INT"]
[Date "2020.12.11"]
[Round "4"]
[White "Schnepf, Maximilian"]
[Black "Hegedues, Hugo"]
[Result "1-0"]
[WhiteElo "1620"]
[BlackElo "1340"]
[PlyCount "149"]
[EventDate "2020.12.11"]
[EventType "swiss (blitz)"]
[EventRounds "7"]
[EventCountry "AUT"]
[SourceTitle "EXT 2022"]
[Source "ChessBase"]
[SourceDate "2021.10.06"]
[SourceVersion "1"]
[SourceVersionDate "2021.10.06"]
[SourceQuality "1"]

1. d4 d5 2. Bf4 Nf6 3. e3 e6 4. Bd3 Bd6 5. Bg3 Bxg3 6. hxg3 0-0 7. c3 Re8 8. Qc2 e5 9. Bxh7+ Nxh7 10. Qxh7+ Kf8 11. Qh8+ Ke7 12. Qh4+ Kd6 13. Qxd8+ Rxd8 14. Nf3 e4 15. Ne5 c5 16. Nxf7+ Kd7 17. Nxd8 Kxd8 18. Nd2 cxd4 19. exd4 Nc6 20. Rh8+ Kc7 21. f3 e3 22. Nb3 b5 23. Nc5 b4 24. Ne6+ Kd6 25. Nxg7 bxc3 26. bxc3 Kc7 27. Ne6+ Kd6 28. Nf4 Kd7 29. Nxd5 Kd6 30. Nf4 Kc7 31. Rh7+ Kd6 32. Rh6+ Kc7 33. Nd5+ Kd7 34. Rb1 Ba6 35. Nxe3 Re8 36. Rh7+ Kc8 37. Kf2 Bd3 38. Rbb7 Bxh7 39. g4 Bg6 40. Nc4 Kxb7 41. Nd6+ Kc7 42. Nxe8+ Bxe8 43. f4 Kd7 44. Kf3 Ke6 45. f5+ Kf6 46. Kf4 Ne7 47. g5+ Kg7 48. f6+ Kf7 49. fxe7 Kxe7 50. Kf5 Kf7 51. g6+ Kg7 52. d5 Bxg6+ 53. Ke6 Bf7+ 54. Kd6 Kf8 55. Kc7 Ke8 56. d6 Be6 57. a4 Bd7 58. a5 a6 59. g3 Ba4 60. c4 Bd7 61. c5 Bb5 62. c6 Bd3 63. d7+ Kf7 64. d8Q Bf5 65. Qd5+ Kf6 66. Qf3 Ke5 67. Qf4+ Kf6 68. g4 Kg6 69. Qxf5+ Kg7 70. Kb6 Kh6 71. c7 Kg7 72. c8Q Kh6 73. Qce6+ Kg7 74. Qff7+ Kh8 75. Qee8# 1-0

[Event "AUT-ch U10 Online Blitz"]
[Site "Playchess.com INT"]
[Date "2020.12.11"]
[Round "7"]
[White "Schnepf, Maximilian"]
[Black "Karaagac, Deniz"]
[Result "0-1"]
[WhiteElo "1620"]
[BlackElo "1620"]
[PlyCount "114"]
[EventDate "2020.12.11"]
[EventType "swiss (blitz)"]
[EventRounds "7"]
[EventCountry "AUT"]
[SourceTitle "EXT 2022"]
[Source "ChessBase"]
[SourceDate "2021.10.06"]
[SourceVersion "1"]
[SourceVersionDate "2021.10.06"]
[SourceQuality "1"]

1. d4 d5 2. Bf4 Nc6 3. Nf3 Bf5 4. e3 Nb4 5. Na3 Nc6 6. c3 Nf6 7. Nb1 e6 8. Nbd2 Bd6 9. Ne5 Nxe5 10. dxe5 Nh5 11. exd6 Nxf4 12. dxc7 Qxc7 13. exf4 0-0 14. h3 Qxf4 15. f3 Qe5+ 16. Be2 Bd3 17. Nb3 Bc4 18. Nc5 Rfd8 19. Nxb7 Rd7 20. Na5 Rb8 21. Nxc4 Rbd8 22. Na3 d4 23. Qc2 d3 24. Qd2 dxe2 25. Qxe2 Qxe2+ 26. Kxe2 Rd2+ 27. Kf1 Rxb2 28. Kg1 Rdd2 29. Rh2 f5 30. Nc4 Rxa2 31. Rxa2 Rxa2 32. Ne3 Ra3 33. Nd1 Ra1 34. Kf2 Rxd1 35. g4 f4 36. Ke2 Ra1 37. Kd2 Ra2+ 38. Kd3 Rxh2 39. c4 Rxh3 40. Kd4 Rxf3 41. c5 Rf1 42. Ke5 Rc1 43. Kd6 a5 44. c6 a4 45. c7 a3 46. Kd7 Rxc7+ 47. Kxc7 a2 48. Kb6 a1Q 49. Kc5 Qa5+ 50. Kd6 e5 51. Ke6 e4 52. Kd7 e3 53. Ke8 e2 54. g5 e1Q+ 55. Kd7 Qd1+ 56. Kc8 Qdd8+ 57. Kb7 Qdc7# 0-1